Estadísticas para Clubes europeos con más camisetas vendidas

Haz click aquí para intentar la prueba.

Estadísticas generales

  • Esta prueba ha sido intentada 124 veces
  • La puntuación promedio es 18 de 20

Estadísticas de respuestas

#PaísCamisetas vendidasClub% Correcto
3España1.278.000Barcelona
100%
2España1.650.000Real Madrid
99%
6Inglaterra852.000Liverpool
98%
4Alemania1.200.000Bayern Munich
97%
1Inglaterra1.750.000Manchester United
96%
8Francia526.000Paris Saint-Germain
96%
9Italia452.000Juventus
95%
16Italia200.000AC Milan
94%
20España173.000Atlético Madrid
94%
5Inglaterra899.000Chelsea
92%
17Italia199.000FC Internazionale
92%
13Inglaterra342.000Manchester City
92%
10Alemania393.000Borussia Dortmund
89%
14Francia335.000Olympique de Marsella
88%
7Inglaterra835.000Arsenal
87%
11Turquía386.000Galatasaray
86%
19Francia177.000Olympique Lyonnais
86%
15Inglaterra268.000Tottenham
74%
12Turquía365.000Fenerbahçe
70%
18Alemania184.000Schalke 04
52%

Distribución de puntuación

Porcentaje por número respondido

Porcentaje de gente con cada puntuación

Historial de tus puntuaciones

No has intentado esta prueba.